| 000 | 00380nam a2200109Ia 4500 | ||
|---|---|---|---|
| 008 | 220620s9999||||xx |||||||||||||| ||und|| | ||
| 245 | 0 | _aPublic Goods and Public Allocation Policy | |
| 546 | _aEnglish[eng] | ||
| 650 | _aEconomic systems and structures||Business studies: general | ||
| 856 | _uhttps://library.oapen.org/bitstream/20.500.12657/42138/1/9783631755938.pdf | ||
| 942 | _cEB | ||
| 999 |
_c27703 _d27703 |
||